000 01025nam a2200277 a 4500
001 000021388
003 DO-SdBNP
005 20250624095821.0
008 100907s1979 dr ac 001 0 spa d
040 _aDO-SdBNP
_bspa
_cBNPHU
049 _aBNPD
082 _a972.93053
_bH552d
100 1 _aHamlet, Hermann,
_d1934-2016
_936649
245 1 0 _a...De héroes, de pueblos... 1945-1960 /
_cHamlet Hermann ; prólogo Antonio Zaglul.
260 _aSanto Domingo :
_bAlfa y Omega,
_c1979.
300 _av. :
_bil., retrs. ;
_c22 cm.
500 _aIncluye datos biográficos del autor en la contracubierta.
500 _aLa bilbioteca posee el v.1
504 _aIncluye bibliografía y notas al pie de páginas.
504 _aBibliografía: p. 267-268.
650 4 _aGuerrillas
_zRepública Dominicana
_xHistoria
_97270
651 0 _aRepública Dominicana --
_xHistoria --
_yInvasión , 1959
_97269
700 1 _aZaglul, Antonio,
_d1920-1996
_epról.
_969657
910 _aValidado. Control de calidad EMS
942 _2ddc
_cLBS1
999 _c20888
_d20888